000 00472nam a2200145 a 4500
008 120416s1979 xx |||||||||||||| || u
050 _aQA 152.2 Woo
100 _aWooton, William
245 1 0 _aIntermediate algebra. (5th ed.)
250 _a5th ed.
260 _c1979
350 _a0.00
650 0 _aALGEBRA
995 _D0.00
_FCBU-MAIN LIBRARY (Kitwe)
_H1
_I2195.00
_M1
_UAVAILABLE
_ZAnnex Low-Usage Collection
999 _c47241
_d47241